UBT Library

The instant it happened / (Record no. 45029)

000 -LEADER
fixed length control field 00510cam a22002051i 4500
001 - CONTROL NUMBER
control field 830403
005 - DATE AND TIME OF LATEST TRANSACTION
control field 20180314085615.0
008 - FIXED-LENGTH DATA ELEMENTS--GENERAL INFORMATION
fixed length control field 770301s1977 nyu 000 0 eng
010 ## - LIBRARY OF CONGRESS CONTROL NUMBER
LC control number 77003185
020 ## - INTERNATIONAL STANDARD BOOK NUMBER
International Standard Book Number 0810911140.
-- 0810920735
040 ## - CATALOGING SOURCE
Original cataloging agency DLC
Transcribing agency DLC
Modifying agency DLC
041 ## - LANGUAGE CODE
Language code of text/sound track or separate title eng
080 ## - UNIVERSAL DECIMAL CLASSIFICATION NUMBER
Universal Decimal Classification number 779 WES
082 00 - DEWEY DECIMAL CLASSIFICATION NUMBER
Classification number 779 WES
100 ## - Rafti
Rafti 42
101 ## - Shkurtesa
Shkurtesa ART
245 14 - TITLE STATEMENT
Title The instant it happened /
Statement of responsibility, etc the Associated Press.
906 ## - LOCAL DATA ELEMENT F, LDF (RLIN)
a 7
b cbc
c orignew
d 1
e ocip
f 19
g y-gencatlg
942 ## - ADDED ENTRY ELEMENTS (KOHA)
Source of classification or shelving scheme
Item type Books
Holdings
Withdrawn status Lost status Source of classification or shelving scheme Damaged status Not for loan Collection code Permanent location Current location Shelving location Date acquired Total Checkouts Full call number Barcode Date last seen Price effective from Koha item type
          Koleksioni i përgjithshem UBT - Lipjan UBT - Lipjan Koleksioni i përgjithshem 03/14/2018   779 WES 002-3001950 03/14/2018 03/14/2018 Books
UBT Library © 2015-2024. All rights reserved University Education for Business and Technology